000 00576nam a2200193Ia 4500
003 GCL
008 140319s9999 xx 000 0 ara d
040 _aGCL /
_cGCL
082 0 4 _a219.3
_bا هـ
100 1 _aاسماعيل الفخرانى
245 1 0 _aهموم صحفى مسلم, شهادة على العصر /
_cاسماعيل الفخرانى
260 _a[S.N] :
_bمكتبة مدبولى ،
_c1994
300 _a373 ص
490 _a
650 0 4 _aالاسلام
650 0 4 _aالمسلمون
650 0 4 _aالاسلام والسياسة
942 _2ddc
_cBK
999 _c31699
_d31699